00989cam a22002891 4500001001300000003000400013005001700017008004100034010001700075035002000092040004200112041001300154042001200167050003100179082001100210100002800221245004200249260003300291300004100324490011100365500004600476504002500522650001900547830005100566830006500617999001700682gs 50000260 DLC20260227111357.0891017s1950 sw ab b 000 0 swe c ags 50000260  a(OCoLC)20504121 aU.S. Geol. Survey. Libr.cCUdCUdDLC0 aswebeng apremarc00aQE282b.A3 ser. C, no. 500 a554.851 aArrhenius, Olof,d1895-00aMarkreaktionen hos sydsvenska jordar. aStockholm,bNorstedt,c1950. a16 p.billus., 5 fold. maps.c24 cm.1 aSveriges geologiska undersökning. Ser. C. Avhandlingar och uppsatser,vn:o 500. Årsbok 42 (1948) n:o 9 aSummary: Soil acidity in southern Sweden. a"Litteratur": p. 16. 0aSoilszSweden. 0aSer. C--Avhandlingar och uppsatser ;vn:o 500. 0aÅrsbok (Sveriges geologiska undersökning) ;v42 : n:o 9. c28499d28499